[Event "First Saturday 2010 november GM"]
[Site "Budapest"]
[Date "2010.11.06"]
[Round "1.1"]
[White "Ilincic, Zlatko"]
[Black "Czebe, Attila"]
[Result "1/2-1/2"]
[WhiteElo "2451"]
[BlackElo "2487"]
[PlyCount "40"]
[EventDate "2010.11.06"]

1. e4 e5 2. Nf3 Nc6 3. Bb5 a6 4. Ba4 Nf6 5. O-O Be7 6. Re1 b5 7. Bb3 d6 8. c3
O-O 9. h3 Na5 10. Bc2 c5 11. d4 Qc7 12. Nbd2 Nc6 13. d5 Nd8 14. Nf1 Ne8 15. g4
g6 16. Ng3 Ng7 17. Bh6 f6 18. Qd2 Nf7 19. Bxg7 Kxg7 20. a4 Bd7 1/2-1/2

[Event "First Saturday 2010 november GM"]
[Site "Budapest"]
[Date "2010.11.06"]
[Round "1.1"]
[White "Del Monaco, Andrea"]
[Black "Saravanan, V."]
[Result "1/2-1/2"]
[WhiteElo "2285"]
[BlackElo "2408"]
[PlyCount "24"]
[EventDate "2010.11.06"]

1. Nf3 Nf6 2. c4 g6 3. Nc3 d5 4. cxd5 Nxd5 5. g3 Bg7 6. Bg2 c5 7. O-O Nc6 8. d3
O-O 9. Nxd5 Qxd5 10. Be3 Bd7 11. Qc1 Rfc8 12. Qxc5 Qxc5 1/2-1/2

[Event "First Saturday 2010 november GM"]
[Site "Budapest"]
[Date "2010.11.07"]
[Round "1.2"]
[White "Czebe, Attila"]
[Black "Saravanan, V."]
[Result "0-1"]
[WhiteElo "2487"]
[BlackElo "2408"]
[PlyCount "166"]
[EventDate "2010.11.06"]

1. c4 e5 2. Nc3 Nc6 3. e3 g6 4. d4 d6 5. Nf3 Bg7 6. Be2 exd4 7. exd4 Nge7 8. d5
Ne5 9. Nxe5 dxe5 10. O-O O-O 11. f4 Nf5 12. Ne4 Re8 13. Bd3 c6 14. fxe5 Bxe5
15. Bg5 f6 16. Bf4 cxd5 17. cxd5 Bd4+ 18. Kh1 Qxd5 19. Bc2 Be6 20. Qf3 Qc6 21.
Rac1 Qb6 22. Ba4 Re7 23. Nc3 Qa5 24. Bb3 Bxb3 25. axb3 Rd8 26. b4 Qa6 27. Nd5
Red7 28. Nc7 Qb6 29. Qb3+ Kh8 30. Rfd1 Be3 31. Rxd7 Rxd7 32. Na8 Qd8 33. Bxe3
Nxe3 34. Qxe3 Qxa8 35. Rf1 Kg7 36. h4 h5 37. Rf4 Qd8 38. Kh2 b6 39. Re4 Qc7+
40. Kh3 Qd6 41. b5 Rc7 42. b4 Rd7 43. Qf3 Rf7 44. Qe2 Rc7 45. Qe3 Rd7 46. Qf3
f5 47. Qc3+ Kf7 48. Re3 Qd4 49. Qb3+ Kg7 50. Rg3 Qe4 51. Qc3+ Rd4 52. Qc7+ Kh6
53. Qc1+ Qf4 54. Qxf4+ Rxf4 55. Ra3 Rxb4 56. Rxa7 Rxb5 57. Rd7 f4 58. Rd6 Kg7
59. Kh2 Kf7 60. Kg1 Rb3 61. Kf2 Rg3 62. Rxb6 Rg4 63. Rb7+ Kf6 64. Rb6+ Kg7 65.
Rb7+ Kh6 66. Kf3 Rxh4 67. Rb1 g5 68. Rb6+ Kg7 69. Rb7+ Kf6 70. Rb6+ Ke7 71.
Rb7+ Kd6 72. Rb6+ Kc5 73. Rh6 Kd5 74. Rh8 Ke5 75. Kf2 Rh1 76. g4 fxg3+ 77. Kg2
Rh4 78. Kxg3 Kf6 79. Rh6+ Kg7 80. Ra6 Rf4 81. Ra7+ Kg6 82. Ra6+ Rf6 83. Ra4 Rb6
0-1

[Event "First Saturday 2010 november GM"]
[Site "Budapest"]
[Date "2010.11.07"]
[Round "1.2"]
[White "Ilincic, Zlatko"]
[Black "Feher, Adam"]
[Result "1-0"]
[WhiteElo "2451"]
[BlackElo "2348"]
[PlyCount "101"]
[EventDate "2010.11.06"]

1. d4 d5 2. c4 c6 3. Nf3 Nf6 4. e3 Bf5 5. Bd3 Bxd3 6. Qxd3 e6 7. O-O Nbd7 8.
Nbd2 Be7 9. b3 O-O 10. Bb2 a5 11. a3 Qb6 12. Rfb1 Rfd8 13. c5 Qa6 14. Qf1 Qxf1+
15. Kxf1 Ne4 16. b4 b6 17. Ke2 bxc5 18. bxc5 f5 19. Ne1 e5 20. Nd3 exd4 21.
exd4 Bf6 22. f3 Ng5 23. Nf4 Rab8 24. Ra2 Rb7 25. Kd3 Rdb8 26. Kc2 Nf8 27. Bc3
Rxb1 28. Nxb1 Nge6 29. Ne2 Re8 30. Kd3 Ng6 31. g3 a4 32. f4 Rb8 33. Bb4 Nc7 34.
Rb2 Na6 35. Nbc3 Nf8 36. Nxa4 Nd7 37. Bc3 Rxb2 38. Nxb2 Kf7 39. Kc2 Nc7 40. Nd3
Nb5 41. a4 Nc7 42. Ng1 Na6 43. Nf3 g6 44. Ba5 Ke6 45. Bb6 Ke7 46. Kb3 Ke6 47.
Nb4 Ndb8 48. Ba7 Nxb4 49. Kxb4 Nd7 50. Ka5 h6 51. h4 1-0

[Event "First Saturday 2010 november GM"]
[Site "Budapest"]
[Date "2010.11.08"]
[Round "1.3"]
[White "Feher, Adam"]
[Black "Czebe, Attila"]
[Result "1-0"]
[WhiteElo "2348"]
[BlackElo "2487"]
[PlyCount "77"]
[EventDate "2010.11.06"]

1. e4 e5 2. Nf3 Nc6 3. Bb5 a6 4. Ba4 Nge7 5. c3 Ng6 6. d4 exd4 7. cxd4 Bb4+ 8.
Nc3 O-O 9. O-O b5 10. Bc2 d6 11. h3 Nce7 12. a4 Bb7 13. axb5 axb5 14. Rxa8 Qxa8
15. Nxb5 Bxe4 16. Bxe4 Qxe4 17. Qa4 Qc6 18. Qxb4 Rb8 19. Qc3 Rxb5 20. Bd2 Qd7
21. Ra1 Rb8 22. Ra7 Nd5 23. Qc4 Qb5 24. Qxb5 Rxb5 25. Ba5 h6 26. Bxc7 Nxc7 27.
Rxc7 Rxb2 28. g3 Rb6 29. Rc8+ Nf8 30. Rd8 g6 31. Nd2 Rb4 32. Rxd6 Ne6 33. Nf3
Kf8 34. d5 Nc5 35. Ne5 Re4 36. f4 Re3 37. Rc6 Nd3 38. Rc8+ Ke7 39. d6+ 1-0

[Event "First Saturday 2010 november GM"]
[Site "Budapest"]
[Date "2010.11.08"]
[Round "1.3"]
[White "Del Monaco, Andrea"]
[Black "Ilincic, Zlatko"]
[Result "0-1"]
[WhiteElo "2285"]
[BlackElo "2451"]
[PlyCount "64"]
[EventDate "2010.11.06"]

1. Nf3 f5 2. d4 Nf6 3. Bg5 e6 4. Nbd2 d5 5. Ne5 Be7 6. e3 O-O 7. f4 Nbd7 8. Bd3
Nxe5 9. fxe5 Ng4 10. Bxe7 Qxe7 11. Qf3 c5 12. h3 Nh6 13. O-O c4 14. Be2 Qb4 15.
Rfd1 Qxb2 16. Rdc1 Qc3 17. Nf1 b5 18. Kh2 Bd7 19. Qf4 Nf7 20. a4 bxa4 21. g4
fxg4 22. Ng3 Nh6 23. Qg5 Qd2 24. Rd1 Qxc2 25. Rdc1 Qg6 26. Qxg6 hxg6 27. hxg4
Rab8 28. Rc2 Rb3 29. e4 Rf4 30. g5 Nf7 31. exd5 exd5 32. Rf1 Rh4+ 0-1

[Event "First Saturday 2010 november GM"]
[Site "Budapest"]
[Date "2010.11.08"]
[Round "1.3"]
[White "Saravanan, V."]
[Black "Hoang, Thanh Trang"]
[Result "1-0"]
[WhiteElo "2408"]
[BlackElo "2473"]
[PlyCount "55"]
[EventDate "2010.11.06"]

1. Nf3 b6 2. e4 Bb7 3. Nc3 e6 4. d4 Bb4 5. Bd3 Nf6 6. Qe2 d5 7. exd5 Nxd5 8.
Bd2 Nxc3 9. bxc3 Bd6 10. O-O Nd7 11. Bg5 Qc8 12. Nd2 h6 13. Bh4 c5 14. f4 O-O
15. f5 exf5 16. Rxf5 Qc7 17. Qg4 Rae8 18. Raf1 Re3 19. Bc4 h5 20. Rxh5 Bxh2+
21. Kh1 Qd6 22. Rhf5 Rg3 23. Bxg3 Bxg3 24. Qh3 Nf6 25. Rxf6 gxf6 26. Qg4+ Kh7
27. Rf5 Bf4 28. Qxf4 1-0

[Event "First Saturday 2010 november GM"]
[Site "Budapest"]
[Date "2010.11.09"]
[Round "1.4"]
[White "Czebe, Attila"]
[Black "Hoang, Thanh Trang"]
[Result "1/2-1/2"]
[WhiteElo "2487"]
[BlackElo "2473"]
[PlyCount "32"]
[EventDate "2010.11.06"]

1. Nf3 e6 2. g3 f5 3. Bg2 Nf6 4. O-O Be7 5. d4 O-O 6. c4 d6 7. Nc3 Ne4 8. Qc2
Nxc3 9. Qxc3 a5 10. b3 Nc6 11. Bb2 Bf6 12. Qd2 e5 13. dxe5 dxe5 14. Qd5+ Kh8
15. Qxd8 Rxd8 16. Rfd1 Be6 1/2-1/2

[Event "First Saturday 2010 november GM"]
[Site "Budapest"]
[Date "2010.11.09"]
[Round "1.4"]
[White "Ilincic, Zlatko"]
[Black "Saravanan, V."]
[Result "1/2-1/2"]
[WhiteElo "2451"]
[BlackElo "2408"]
[PlyCount "60"]
[EventDate "2010.11.06"]

1. d4 Nf6 2. c4 g6 3. g3 Bg7 4. Bg2 d5 5. cxd5 Nxd5 6. e4 Nb6 7. Ne2 O-O 8. O-O
Nc6 9. d5 Na5 10. Qc2 e6 11. Bd2 Nac4 12. Bc3 exd5 13. Bxg7 Kxg7 14. exd5 Bf5
15. Qc3+ Qf6 16. Nd4 Bd7 17. b3 Nd6 18. a4 c6 19. dxc6 bxc6 20. Na3 Nd5 21. Qd2
Nf5 22. Nxf5+ Bxf5 23. Nc4 Rfd8 24. Rac1 Nb6 25. Qa5 Nxc4 26. Rxc4 Rd6 27. Re1
Rb8 28. Qxa7 Rxb3 29. h4 Rb2 30. Rf4 Qc3 1/2-1/2

[Event "First Saturday 2010 november GM"]
[Site "Budapest"]
[Date "2010.11.09"]
[Round "1.4"]
[White "Feher, Adam"]
[Black "Del Monaco, Andrea"]
[Result "0-1"]
[WhiteElo "2348"]
[BlackElo "2285"]
[PlyCount "88"]
[EventDate "2010.11.06"]

1. e4 c5 2. Nf3 d6 3. d4 cxd4 4. Nxd4 Nf6 5. Nc3 g6 6. Be3 Bg7 7. f3 O-O 8. Qd2
Nc6 9. Bc4 Bd7 10. O-O-O Rc8 11. Bb3 Nxd4 12. Bxd4 b5 13. Nd5 Nxd5 14. Bxg7
Kxg7 15. exd5 a5 16. a3 b4 17. axb4 axb4 18. Qxb4 Kg8 19. Rhe1 Re8 20. Rd4 Rb8
21. Qd2 Qb6 22. Rh4 h5 23. Qd4 Qa5 24. Kd1 Bf5 25. g4 Rb4 26. Qe3 hxg4 27. Qh6
Qa1+ 28. Ke2 gxf3+ 29. Kxf3 Rxh4 30. Qxh4 Qxb2 31. Rxe7 Qc3+ 32. Kf2 Rxe7 33.
Qxe7 Bxc2 34. Bxc2 Qxc2+ 35. Kg3 Qd3+ 36. Kf2 Qxd5 37. h4 Qf5+ 38. Kg2 d5 39.
Kg3 Kg7 40. Qe3 Qe4 41. Qc3+ d4 42. Qa1 Qe3+ 43. Kg2 Qd2+ 44. Kh1 Qf2 0-1

[Event "First Saturday 2010 november GM"]
[Site "Budapest"]
[Date "2010.11.10"]
[Round "1.5"]
[White "Del Monaco, Andrea"]
[Black "Czebe, Attila"]
[Result "0-1"]
[WhiteElo "2285"]
[BlackElo "2487"]
[PlyCount "94"]
[EventDate "2010.11.06"]

1. c4 e5 2. Nc3 Nf6 3. e3 Bb4 4. Nge2 O-O 5. a3 Bxc3 6. Nxc3 d5 7. cxd5 Nxd5 8.
Qc2 Be6 9. b4 a5 10. b5 Nxc3 11. Qxc3 Qd5 12. Bb2 Nd7 13. f3 Rfc8 14. Rc1 c6
15. b6 Qb3 16. Qxb3 Bxb3 17. Bd3 Re8 18. Rc3 a4 19. Bc4 Bxc4 20. Rxc4 Ra5 21.
Bc3 Rb5 22. Ke2 Nxb6 23. Rb4 Rxb4 24. Bxb4 Nd5 25. Rb1 f6 26. g3 Kf7 27. Bc5 b6
28. e4 bxc5 29. exd5 cxd5 30. Rb5 Rc8 31. Rb7+ Kg6 32. Ra7 c4 33. Rxa4 d4 34.
Ra7 c3 35. Kd1 cxd2 36. Kxd2 Rc3 37. Ke2 Rc2+ 38. Kd3 Rxh2 39. f4 Rg2 40. Ke4
Re2+ 41. Kf3 d3 42. fxe5 fxe5 43. Rd7 e4+ 44. Kf4 d2 45. Rd6+ Kf7 46. Rd5 e3
47. Rd7+ Ke8 0-1

[Event "First Saturday 2010 november GM"]
[Site "Budapest"]
[Date "2010.11.10"]
[Round "1.5"]
[White "Hoang, Thanh Trang"]
[Black "Ilincic, Zlatko"]
[Result "1/2-1/2"]
[WhiteElo "2473"]
[BlackElo "2451"]
[PlyCount "39"]
[EventDate "2010.11.06"]

1. d4 d5 2. c4 c6 3. Nf3 Nf6 4. e3 e6 5. Nbd2 Nbd7 6. Bd3 Bd6 7. O-O O-O 8. e4
dxe4 9. Nxe4 Nxe4 10. Bxe4 Nf6 11. Bc2 h6 12. b3 b5 13. Ne5 Bb7 14. Bb2 bxc4
15. bxc4 c5 16. Qe2 Qe7 17. Rfd1 Rfd8 18. Rab1 Rab8 19. Bc3 Ba8 20. h3 1/2-1/2

[Event "First Saturday 2010 november GM"]
[Site "Budapest"]
[Date "2010.11.11"]
[Round "2.1"]
[White "Hoang, Thanh Trang"]
[Black "Feher, Adam"]
[Result "1-0"]
[WhiteElo "2473"]
[BlackElo "2348"]
[PlyCount "117"]
[EventDate "2010.11.06"]

1. d4 d5 2. Nf3 Nf6 3. c4 e6 4. g3 Bb4+ 5. Bd2 Be7 6. Bg2 O-O 7. O-O c6 8. Qc2
b6 9. Rd1 Nbd7 10. Ne5 Bb7 11. Bf4 Rc8 12. Nc3 Nh5 13. Bc1 Nhf6 14. e4 dxe4 15.
Nxe4 Nxe4 16. Bxe4 h6 17. Nxd7 Qxd7 18. c5 Rfd8 19. Be3 Bf6 20. Qb3 Ba8 21.
cxb6 Rb8 22. Rac1 axb6 23. a4 Be7 24. Rd3 Qe8 25. Qc2 c5 26. Bxa8 Rxa8 27. dxc5
Bxc5 28. Bxc5 bxc5 29. b3 Rxd3 30. Qxd3 Qc6 31. Rc3 Rb8 32. Qc2 Rc8 33. Rc4 Qd5
34. b4 Qe5 35. Rxc5 Qe1+ 36. Kg2 Rd8 37. Rc8 Rxc8 38. Qxc8+ Kh7 39. Qc4 f5 40.
b5 e5 41. b6 Qb1 42. Qc6 h5 43. b7 h4 44. gxh4 Qb4 45. Qf3 f4 46. a5 Qb1 47. a6
Qg6+ 48. Kh3 Qf5+ 49. Qg4 Qd3+ 50. f3 Qf1+ 51. Qg2 Qb1 52. h5 Kh8 53. Qe2 e4
54. Qxe4 Qf1+ 55. Kg4 Qg2+ 56. Kf5 Qh3+ 57. Kg6 Qe6+ 58. Kg5 Qf6+ 59. Kg4 1-0

[Event "First Saturday 2010 november GM"]
[Site "Budapest"]
[Date "2010.11.11"]
[Round "2.1"]
[White "Saravanan, V."]
[Black "Del Monaco, Andrea"]
[Result "1/2-1/2"]
[WhiteElo "2408"]
[BlackElo "2285"]
[PlyCount "61"]
[EventDate "2010.11.06"]

1. Nf3 d5 2. d4 Nf6 3. c4 dxc4 4. e3 Bg4 5. Bxc4 e6 6. O-O a6 7. Qe2 Nc6 8. Rd1
Bd6 9. e4 e5 10. d5 Ne7 11. Nbd2 Ng6 12. h3 Nf4 13. Qe3 Bd7 14. Bf1 b5 15. b3
g5 16. Bb2 Qe7 17. Qc3 b4 18. Qc2 g4 19. hxg4 Nxg4 20. Rac1 Rg8 21. g3 Qf6 22.
Nc4 Bc5 23. Nfxe5 Nxe5 24. Bxe5 Rxg3+ 25. Kh2 Qh6+ 26. Kxg3 Qg6+ 27. Kh2 Qh5+
28. Kg1 Qg4+ 29. Kh2 Qh5+ 30. Kg1 Qg4+ 31. Kh2 1/2-1/2

[Event "First Saturday 2010 november GM"]
[Site "Budapest"]
[Date "2010.11.12"]
[Round "2.2"]
[White "Saravanan, V."]
[Black "Czebe, Attila"]
[Result "1/2-1/2"]
[WhiteElo "2408"]
[BlackElo "2487"]
[PlyCount "134"]
[EventDate "2010.11.06"]

1. Nf3 d5 2. d4 Nf6 3. c4 c6 4. e3 Bf5 5. Nc3 e6 6. Nh4 Be4 7. f3 Bg6 8. Qb3
Qb6 9. Nxg6 hxg6 10. Bd2 Nbd7 11. O-O-O dxc4 12. Bxc4 Qxb3 13. Bxb3 b5 14. e4
a6 15. d5 Nc5 16. dxe6 Nxb3+ 17. axb3 fxe6 18. Ne2 Kf7 19. Ba5 b4 20. Nf4 Rb8
21. Nd3 Nd7 22. Nxb4 Bxb4 23. Bxb4 Nf6 24. Bc3 Rxb3 25. Rd6 Rc8 26. Kc2 Rb7 27.
Ra1 Ne8 28. Rd4 c5 29. Rc4 Rc6 30. b4 Rb5 31. Rxc5 Rbxc5 32. bxc5 Rxc5 33. Rxa6
Nc7 34. Ra7 Kg8 35. Ra5 Nb5 36. Kd2 Rxc3 37. Rxb5 Ra3 38. Rb2 g5 39. Ke2 Kf7
40. Kf2 Ra8 41. Kg3 Rh8 42. Kg4 Rxh2 43. Kxg5 Kg8 44. Rb8+ Kf7 45. Rb7+ Kf8 46.
g3 Rh1 47. Kf4 Rh5 48. Kg4 Rc5 49. Kf4 Ra5 50. g4 g5+ 51. Ke3 Ra3+ 52. Kf2 Ra5
53. Rc7 Rb5 54. Ke3 Ra5 55. Kd2 e5 56. Ke3 Ra3+ 57. Kf2 Ra2+ 58. Kg3 Ra5 59.
Rd7 Ra6 60. Kf2 Re6 61. Ke3 Re7 62. Rd5 Kf7 63. Rc5 Kf6 64. Kd3 Rd7+ 65. Rd5
Ke6 66. Rxd7 Kxd7 67. Kc3 Kc7 1/2-1/2

[Event "First Saturday 2010 november GM"]
[Site "Budapest"]
[Date "2010.11.12"]
[Round "2.2"]
[White "Del Monaco, Andrea"]
[Black "Hoang, Thanh Trang"]
[Result "1-0"]
[WhiteElo "2285"]
[BlackElo "2473"]
[PlyCount "71"]
[EventDate "2010.11.06"]

1. e4 e6 2. d4 d5 3. Nc3 Bb4 4. a3 Bxc3+ 5. bxc3 dxe4 6. Qg4 Nf6 7. Qxg7 Rg8 8.
Qh6 Rg6 9. Qh4 c5 10. Ne2 Qa5 11. Bd2 Nbd7 12. Nf4 Rg8 13. Rb1 a6 14. Be2 b6
15. d5 e5 16. Ne6 fxe6 17. dxe6 Rg6 18. exd7+ Bxd7 19. c4 Qxa3 20. Rxb6 Ke7 21.
Rxf6 Rxf6 22. O-O h6 23. Qxe4 Raf8 24. Be3 Re6 25. Qd5 Rc8 26. Rd1 Qa4 27. Bg4
Qc6 28. Bxc5+ Ke8 29. Bh5+ Kd8 30. Bb6+ Ke7 31. Qd3 Rh8 32. Qa3+ Kf6 33. Qg3
Qe4 34. f3 Qxc2 35. Qh4+ Kf5 36. g4+ 1-0

[Event "First Saturday 2010 november GM"]
[Site "Budapest"]
[Date "2010.11.12"]
[Round "2.2"]
[White "Feher, Adam"]
[Black "Ilincic, Zlatko"]
[Result "1-0"]
[WhiteElo "2348"]
[BlackElo "2451"]
[PlyCount "61"]
[EventDate "2010.11.06"]

1. e4 c5 2. Nf3 d6 3. d4 cxd4 4. Nxd4 Nf6 5. Nc3 a6 6. Be2 h5 7. Bg5 Qa5 8. Qd2
e6 9. O-O-O Bd7 10. Nb3 Qc7 11. Kb1 Bc6 12. Qe3 Be7 13. Bxf6 Bxf6 14. Nd5 Bxd5
15. exd5 e5 16. Rd3 Nd7 17. Rc3 Qd8 18. Nd2 Bg5 19. Qd3 Nc5 20. Rxc5 dxc5 21.
Ne4 b6 22. d6 O-O 23. Bxh5 f5 24. h4 Bh6 25. Qd5+ Kh8 26. Ng5 g6 27. Bxg6 Qf6
28. Nf7+ Kg7 29. h5 Ra7 30. d7 Bg5 31. Nxe5 1-0

[Event "First Saturday 2010 november GM"]
[Site "Budapest"]
[Date "2010.11.13"]
[Round "2.3"]
[White "Czebe, Attila"]
[Black "Feher, Adam"]
[Result "1-0"]
[WhiteElo "2487"]
[BlackElo "2348"]
[PlyCount "69"]
[EventDate "2010.11.06"]

1. d4 d5 2. c4 c6 3. Nf3 Nf6 4. Nc3 e6 5. cxd5 exd5 6. Qc2 Na6 7. a3 Nc7 8. Bg5
Be7 9. e3 O-O 10. Bd3 g6 11. O-O Ne6 12. Bh6 Re8 13. h3 Ng7 14. b4 a6 15. Rab1
Bf5 16. Bxg7 Bxd3 17. Qxd3 Kxg7 18. Nd2 Bd6 19. e4 dxe4 20. Ndxe4 Nxe4 21. Nxe4
Be7 22. Rfe1 Qd5 23. Re2 f5 24. Nc5 Bxc5 25. bxc5 Qd7 26. d5 Rxe2 27. Qxe2 cxd5
28. Rb6 Kh8 29. Qe5+ Kg8 30. Re6 Qg7 31. Qxd5 Qf7 32. Qe5 Rc8 33. Re7 Qf8 34.
Qd5+ Kh8 35. Rf7 1-0

[Event "First Saturday 2010 november GM"]
[Site "Budapest"]
[Date "2010.11.13"]
[Round "2.3"]
[White "Ilincic, Zlatko"]
[Black "Del Monaco, Andrea"]
[Result "1-0"]
[WhiteElo "2451"]
[BlackElo "2285"]
[PlyCount "81"]
[EventDate "2010.11.06"]

1. d4 Nf6 2. c4 g6 3. g3 c5 4. d5 b5 5. cxb5 d6 6. Bg2 a6 7. bxa6 Bg7 8. e4 O-O
9. Ne2 Nbd7 10. O-O Bxa6 11. f4 Qb6 12. h3 Rfb8 13. Kh2 Ne8 14. Nbc3 c4 15. Rb1
Nc7 16. Bd2 e6 17. dxe6 fxe6 18. f5 gxf5 19. exf5 Bb7 20. Bxb7 Qxb7 21. Bg5 Ne5
22. Nd4 exf5 23. Nxf5 Rf8 24. h4 Ne6 25. Be3 Kh8 26. a3 Rad8 27. Qd5 Qd7 28.
Bb6 Rb8 29. Bg1 Ng5 30. hxg5 Rxf5 31. Kg2 Rbf8 32. Rxf5 Qxf5 33. Rd1 Rb8 34.
Rd2 Qxg5 35. Ne4 Qe7 36. Nxd6 Rd8 37. Bb6 Rf8 38. Re2 Qg5 39. Bd4 Qc1 40. Rxe5
Qd2+ 41. Kh3 1-0

[Event "First Saturday 2010 november GM"]
[Site "Budapest"]
[Date "2010.11.13"]
[Round "2.3"]
[White "Hoang, Thanh Trang"]
[Black "Saravanan, V."]
[Result "1/2-1/2"]
[WhiteElo "2473"]
[BlackElo "2408"]
[PlyCount "120"]
[EventDate "2010.11.06"]

1. d4 Nf6 2. Bf4 g6 3. e3 Bg7 4. Nf3 O-O 5. Be2 d6 6. O-O b6 7. h3 c5 8. c3 Ba6
9. Nbd2 Qc8 10. c4 Nbd7 11. Rc1 Re8 12. Bh2 e5 13. d5 e4 14. Ne1 Qc7 15. Nc2 h5
16. Na3 Ne5 17. Qa4 Bb7 18. Nb5 Qe7 19. Nc3 a6 20. Ndxe4 Nxe4 21. Nxe4 b5 22.
cxb5 axb5 23. Qb3 Nc4 24. Bxc4 bxc4 25. Qb6 Qxe4 26. Qxb7 Reb8 27. Qc6 Bxb2 28.
Rb1 c3 29. Bxd6 Rc8 30. Qb7 Ba3 31. Rb3 Bb4 32. Rc1 Rd8 33. a3 Qc4 34. Rxb4
cxb4 35. Bxb4 c2 36. d6 Qd3 37. Qf3 Rac8 38. e4 Rxd6 39. Bxd6 Qxd6 40. Qe2 Qxa3
41. Rxc2 Qa1+ 42. Kh2 Qe5+ 43. g3 Re8 44. Rc4 h4 45. Qg4 hxg3+ 46. Qxg3 Qxg3+
47. Kxg3 Kg7 48. f4 Ra8 49. Rc7 Ra3+ 50. Kg4 Re3 51. e5 Re1 52. h4 Rg1+ 53. Kf3
Kf8 54. h5 Rf1+ 55. Ke4 Re1+ 56. Kd4 gxh5 57. f5 h4 58. f6 Ke8 59. Re7+ Kf8 60.
Ra7 Ke8 1/2-1/2

[Event "First Saturday 2010 november GM"]
[Site "Budapest"]
[Date "2010.11.14"]
[Round "2.4"]
[White "Saravanan, V."]
[Black "Ilincic, Zlatko"]
[Result "1-0"]
[WhiteElo "2408"]
[BlackElo "2451"]
[PlyCount "67"]
[EventDate "2010.11.06"]

1. Nf3 f5 2. c4 Nf6 3. Nc3 g6 4. g3 Bg7 5. Bg2 O-O 6. O-O d6 7. d4 Nc6 8. d5
Ne5 9. Nxe5 dxe5 10. Qb3 h6 11. c5 Kh8 12. Rd1 g5 13. Bd2 a6 14. Na4 Rb8 15.
Ba5 b6 16. cxb6 cxb6 17. Nxb6 e4 18. Rac1 Bd7 19. d6 Bb5 20. dxe7 Qxe7 21. Bb4
Qe8 22. Bxf8 Qxf8 23. Nc4 f4 24. Ne5 Qe8 25. Nf7+ Kh7 26. Nd6 Qe5 27. a4 Bxe2
28. Qxb8 e3 29. Qb3 exf2+ 30. Kh1 Bxd1 31. Qxd1 fxg3 32. Qd3+ Kg8 33. Rc8+ Bf8
34. Qg6+ 1-0

[Event "First Saturday 2010 november GM"]
[Site "Budapest"]
[Date "2010.11.14"]
[Round "2.4"]
[White "Del Monaco, Andrea"]
[Black "Feher, Adam"]
[Result "1/2-1/2"]
[WhiteElo "2285"]
[BlackElo "2348"]
[PlyCount "92"]
[EventDate "2010.11.06"]

1. e4 e5 2. Nf3 Nc6 3. Bc4 Bc5 4. c3 Nf6 5. d3 a6 6. h3 O-O 7. Nbd2 Ba7 8. Bb3
h6 9. g4 d5 10. g5 hxg5 11. Nxg5 Ne7 12. exd5 Nexd5 13. Nde4 Bf5 14. Qf3 Bg6
15. Rg1 c6 16. Qg3 Qe7 17. Nxf6+ Qxf6 18. Ne4 Bxe4 19. dxe4 Nf4 20. Bxf4 exf4
21. Qg5 Qxg5 22. Rxg5 Rfe8 23. Ke2 Kf8 24. Rag1 g6 25. e5 Ke7 26. e6 fxe6 27.
Rxg6 f3+ 28. Kxf3 Rf8+ 29. Ke4 Rxf2 30. Rxe6+ Kf8 31. Rf6+ Rxf6 32. Rg8+ Ke7
33. Rxa8 Bf2 34. Rb8 b6 35. Rb7+ Kd6 36. Rf7 Rxf7 37. Bxf7 a5 38. Be8 b5 39.
Kf3 Be1 40. Kg4 b4 41. cxb4 axb4 42. h4 Ke7 43. Bxc6 Kf6 44. Be8 Bd2 45. a4
bxa3 46. bxa3 Kg7 1/2-1/2

[Event "First Saturday 2010 november GM"]
[Site "Budapest"]
[Date "2010.11.15"]
[Round "2.5"]
[White "Czebe, Attila"]
[Black "Del Monaco, Andrea"]
[Result "1-0"]
[WhiteElo "2487"]
[BlackElo "2285"]
[PlyCount "85"]
[EventDate "2010.11.06"]

1. e4 c5 2. Nf3 d6 3. d4 cxd4 4. Nxd4 Nf6 5. Nc3 g6 6. Be2 Bg7 7. O-O O-O 8.
Re1 Nc6 9. Nb3 a5 10. a4 Be6 11. Bf1 Bxb3 12. cxb3 Nb4 13. Bc4 Rc8 14. Be3 e6
15. Qe2 d5 16. Rad1 Qe8 17. exd5 exd5 18. Bb5 Qe6 19. Bd4 Qf5 20. Qe7 Ng4 21.
Bd7 Qf4 22. g3 Qf3 23. Qe2 Qxe2 24. Rxe2 Bxd4 25. Rxd4 Nf6 26. Bxc8 Rxc8 27. f3
h5 28. Kf2 Kg7 29. Rd1 g5 30. h3 Kg6 31. Kg2 Rc5 32. Nb5 b6 33. Nd4 Nc6 34.
Nxc6 Rxc6 35. Rd4 b5 36. b4 axb4 37. axb5 Rb6 38. Rxb4 Kf5 39. g4+ hxg4 40.
hxg4+ Kg6 41. Rc2 d4 42. Rc6 Rb7 43. Rxd4 1-0

[Event "First Saturday 2010 november GM"]
[Site "Budapest"]
[Date "2010.11.15"]
[Round "2.5"]
[White "Feher, Adam"]
[Black "Saravanan, V."]
[Result "1-0"]
[WhiteElo "2348"]
[BlackElo "2408"]
[PlyCount "83"]
[EventDate "2010.11.06"]

1. e4 c5 2. Nf3 Nc6 3. d4 cxd4 4. Nxd4 e6 5. Nc3 Qc7 6. Be2 a6 7. O-O Nf6 8.
Be3 Be7 9. a4 O-O 10. f4 d6 11. Kh1 Re8 12. Bf3 Rb8 13. Qd2 Nd7 14. Qf2 b6 15.
Nb3 Bf8 16. g4 Bb7 17. g5 Nb4 18. Bg2 g6 19. Bd4 Ba8 20. f5 Ne5 21. f6 Nc4 22.
Qh4 e5 23. Bg1 Nxb2 24. Rf3 d5 25. Rh3 h6 26. exd5 Rbd8 27. gxh6 Nxd5 28. h7+
Kh8 29. Nxd5 Rxd5 30. c4 Nxc4 31. Rc3 e4 32. Rac1 b5 33. axb5 axb5 34. Nd2 Rh5
35. Qg4 Qb8 36. Qd7 Rd8 37. Qxf7 Rxh7 38. Qxg6 Bd6 39. Rh3 Rdd7 40. f7 Rxh3 41.
Qf6+ Kh7 42. Qf5+ 1-0

[Event "First Saturday 2010 november GM"]
[Site "Budapest"]
[Date "2010.11.15"]
[Round "2.5"]
[White "Ilincic, Zlatko"]
[Black "Hoang, Thanh Trang"]
[Result "1/2-1/2"]
[WhiteElo "2451"]
[BlackElo "2473"]
[PlyCount "40"]
[EventDate "2010.11.06"]

1. e4 e5 2. Nf3 Nf6 3. Nxe5 d6 4. Nf3 Nxe4 5. d3 Nf6 6. d4 d5 7. Bd3 Bd6 8. O-O
O-O 9. h3 h6 10. Re1 Nc6 11. c3 Ne7 12. Qc2 Be6 13. Nbd2 Qc8 14. Ne5 Re8 15.
Ndf3 Bf5 16. Bf4 Be4 17. Nd2 Bxd3 18. Qxd3 Qf5 19. Qxf5 Nxf5 20. g4 Ne7 1/2-1/2